000 00423nam a2200181Ia 4500
001 2058
005 20260306143814.0
008 260306t2013||||xx |||||||||||||| ||spa||
041 _aESP
082 _a611.8
_bM26
100 _aMartin, John H.
_eAUT
245 0 _aNeuroanatomĂ­a texto y atlas
260 _c2013
300 _axix, 427 páginas :
_c28 cm.
650 _aGEN
654 _aCPS
942 _cLIB
_dJUS
_fJUS
_2ddc
_n
999 _c2058
_d2058